How to do everything : (Record no. 6186)

MARC details
000 -LEADER
fixed length control field 01451cam a2200193 a 4500
020 ## - INTERNATIONAL STANDARD BOOK NUMBER
ISBN 9780071785181
050 00 - CALL NUMBER
Classification number ML74.4.I48
Item number H27
100 1# - AUTHOR
Personal name Hart-Davis, Guy.
245 10 - TITLE
Title How to do everything :
Remainder of title iPhone touch
Statement of responsibility, etc Guy Hart-Davis.
260 ## - PUBLICATION INFORMATION
Place of publication New York :
Name of publisher McGraw-Hill,
Year of publication c2012.
300 ## - DESCRIPTION
Number of Pages xx, 476 p. :
Other physical details ill. ;
Dimensions 24 cm.
500 ## - NOTES
General note Includes index.
505 ## - FORMATTED CONTENTS NOTE
Table of Content Part I: Get up and running with your iPod touch<br/>1. Get your iPod touch ans set it up --<br/>2. Load Your iPod touch with music, videos, and data --<br/>3. Connect to Wireless Networks and the Internet --<br/>4. Choose Essential Settings --<br/>5. Take Photos and Videos --<br/>6. Install and Manage Apps --<br/>Part II: Use your iPod touch for communications <br/>7. Make Video Calls with Face Time -- <br/>8. Communicate via E-mail and Instant Messaging --<br/>9. Surf the Web on your iPod touch --<br/>10. Keep your Calendars and Contacts up to Date --<br/>Part III: Use your iPod touch for Entertainment <br/>11. Enjoy Music and Video on your iPod touch --<br/>12. Make Most of the Built-In Apps --<br/>13. Create Audio and Video Library for the iPod touch and iTunes --<br/>14. Use your iPod touch for file Backup, Storage, and Transfer --<br/>Part IV: Advanced Moves --<br/>15. Take Your iPod touch to the Limit --<br/>16. Troubleshoot Your iPod touch --<br/>17. Troubleshoot iTunes.<br/>Index
650 #0 - SUBJECTS
Topical Term iPhone (Smartphone)
650 #0 - SUBJECTS
Topical Term Smartphones.
650 #0 - SUBJECTS
Topical Term Cell phones.
650 #0 - SUBJECTS
Topical Term Pocket computers.
942 ## - ADDED ENTRY ELEMENTS (KOHA)
Koha item type Books
Holdings
Withdrawn status Lost status Collection code Home library Current library Shelving location Date acquired Full call number Accession Number Koha item type
    Reference Methodist University Library Main Methodist University Library Main General Stacks 11/10/2013 ML74.4.I48 H27 38612 Books
Copyright © 2026  MUG Library